<?xml version="1.0" encoding="UTF-8"?><?xml-stylesheet type="text/xsl" href="static/style.xsl"?><OAI-PMH xmlns="http://www.openarchives.org/OAI/2.0/" xmlns:xsi="http://www.w3.org/2001/XMLSchema-instance" xsi:schemaLocation="http://www.openarchives.org/OAI/2.0/ http://www.openarchives.org/OAI/2.0/OAI-PMH.xsd"><responseDate>2026-06-01T19:23:22Z</responseDate><request verb="GetRecord" identifier="oai:riuma.uma.es:10630/19462" metadataPrefix="marc">https://riuma.uma.es/rest/oai/request</request><GetRecord><record><header><identifier>oai:riuma.uma.es:10630/19462</identifier><datestamp>2026-02-03T10:17:34Z</datestamp><setSpec>com_10630_1685</setSpec><setSpec>col_10630_38084</setSpec></header><metadata><record xmlns="http://www.loc.gov/MARC21/slim" xmlns:dcterms="http://purl.org/dc/terms/" xmlns:doc="http://www.lyncode.com/xoai" xmlns:xsi="http://www.w3.org/2001/XMLSchema-instance" xsi:schemaLocation="http://www.loc.gov/MARC21/slim http://www.loc.gov/standards/marcxml/schema/MARC21slim.xsd">
   <leader>00925njm 22002777a 4500</leader>
   <datafield ind2=" " ind1=" " tag="042">
      <subfield code="a">dc</subfield>
   </datafield>
   <datafield ind2=" " ind1=" " tag="720">
      <subfield code="a">Nadal-Masegosa, Antonio</subfield>
      <subfield code="e">author</subfield>
   </datafield>
   <datafield ind2=" " ind1=" " tag="260">
      <subfield code="c">2020-04-14</subfield>
   </datafield>
   <datafield ind2=" " ind1=" " tag="520">
      <subfield code="a">El presente material docente pretende ser una ayuda para el alumnado que afronta por primera vez asignaturas como Historia de la educación, Historia de la escuela, y similares, especialmente estaría destinado a quienes afrontan lecturas y recensiones con ansiedad, agobio y malestar, por no haberse encontrado nunca ante una tarea similar, dado que la enseñanza hasta llegar al periodo universitario suele estar basada en la memorización acrítica, en exámenes en nada pedagógicos, y en materiales que el alumnado no ha tenido opción de elegir.&#xd;
Una recensión crítica de un gran libro, o dos libros, de Historia de la escuela, elegido por el alumnado, puede ser una opción de aprendizaje inequívoco, no siendo solo útil para aprobar la asignatura. A través de este material docente, deseo que quienes lo lean comprueben que no es una tarea de gran dificultad, si se afronta sin miedos, con personalidad propia, y dedicándole el tiempo que sea necesario. Aprobar -y aprender- es posible. Disfrutarlo, también...</subfield>
   </datafield>
   <datafield ind1="8" ind2=" " tag="024">
      <subfield code="a">https://hdl.handle.net/10630/19462</subfield>
   </datafield>
   <datafield tag="653" ind2=" " ind1=" ">
      <subfield code="a">Educación - Historia</subfield>
   </datafield>
   <datafield ind2="0" ind1="0" tag="245">
      <subfield code="a">Diagnosticando un libro de Historia de la escuela. Didáctica y organización para realizar una recensión crítica.</subfield>
   </datafield>
</record>
</metadata></record></GetRecord></OAI-PMH>